[Event "Match"]
[Site "www.echecsemail.com"]
[Date "2019.05.28"]
[Round "1"]
[White "Tjbarrett"]
[Black "Sonny1000"]
[WhiteElo "1499"]
[BlackElo "1570"]
[Result "0-1"]
[Round "1"]
1.e4 e5
2.Nb1c3 c6
3.Ng1f3 f6
4.a3 Bf8c5
5.d4 Ng8e7
6.dxc5 Qd8a5
7.b4 Qa5c7
8.h4 h5
9.g3 a6
10.Nc3a4 Ra8a7
11.Bf1h3 a5
12.Bc1d2 Ne7g6
13.Bh3f5 Kf7
14.Nf3h2 axb4
15.axb4 d5
16.Qd1f3 Bc8xf5
 { time }
0-1

[Event "Tourn. n10103"]
[Site "www.echecsemail.com"]
[Date "2019.05.28"]
[Round "1"]
[White "Ssharp"]
[Black "Cathar"]
[WhiteElo "2290"]
[BlackElo "2200"]
[Result "1-0"]
[Round "1"]
1.e4 e6
2.d4 d5
3.Nb1c3 Bf8b4
4.e5 c5
5.a3 Bb4xc3
6.bxc3 Ng8e7
7.Qd1g4 O-O
8.Ng1f3 Nb8c6
9.Bf1d3 f5
10.exf6 Rf8xf6
11.Bc1g5 Rf6f7
12.Qg4h4 h6
13.Bg5d2 c4
14.Bd3e2 Qd8f8
15.O-O { resign }
1-0

[Event "Match"]
[Site "www.echecsemail.com"]
[Date "2019.05.28"]
[Round "1"]
[White "Apdash"]
[Black "Fegatux"]
[WhiteElo "2180"]
[BlackElo "2290"]
[Result "0-1"]
[Round "1"]
1.e4 c5
2.Ng1f3 Nb8c6
3.d4 cxd4
4.Nf3xd4 e5
5.Nd4xc6 bxc6
6.Bf1c4 Ng8f6
7.Bc1g5 Bf8b4
8.c3 Bb4e7
9.Nb1d2 O-O
10.Qd1e2 d5
11.exd5 cxd5
12.Bc4b3 h6
13.Bg5h4 e4
14.O-O-O Qd8a5
15.f3 Bc8a6
16.Qe2e1 Ba6d3
17.Bh4xf6 Be7xf6
18.fxe4 Bf6xc3
19.Qe1e3 Bc3xd2
20.Rd1xd2 dxe4
21.Rd2xd3 exd3
22.Qe3xd3 Ra8d8
23.Qd3f3 Qa5d2
24.Kb1 Qd2d3
25.Qf3xd3 Rd8xd3
26.Rh1f1 Rd3d2
27.Rf1g1 Kh8
28.h4 Rf8b8
29.g4 a5
30.Bb3xf7 Rb8xb2
31.Ka1 Rd2f2
32.Bf7b3 a4
33.Bb3e6 Rf2e2
34.Be6c4 Re2d2
35.g5 Rb2b4
36.Bc4f7 Rb4xh4
37.g6 Rh4b4
38.Rg1e1 Rd2d8
39.a3 Rb4d4
40.Kb2 Rd4d3
41.Re1e4 Rd8b8
42.Ka2 Rd3d2
43.Ka1 Rd2b2
44.Re4e1 Rb2h2
45.Re1e4 Rb8d8
46.Re4e1 h5
47.Bf7e8 Rh2h3
48.Kb2 Rh3b3
49.Ka2 Rd8d2
50.Ka1 Rb3xa3
51.Kb1 Rd2d8
52.Kb2 Ra3b3
53.Kc2 Rd8c8
54.Kd2 a3
55.Be8f7 Rb3g3
56.Re1a1 Rc8b8
57.Ra1h1 Rb8b2
58.Kc1 Rg3c3
{ resign }
0-1

[Event "1/128 Finale"]
[Site "www.chess-mail.com"]
[Date "2019.05.28"]
[Round "1"]
[White "Fabos12"]
[Black "Claudia"]
[WhiteElo "1900"]
[BlackElo "1910"]
[Result "0-1"]
[Round "1"]
1.d4 d5
2.Ng1f3 Ng8f6
3.Bc1f4 e6
4.h3 c5
5.c3 Qd8b6
6.e3 Qb6xb2
7.Nb1d2 Qb2xc3
8.Ra1c1 Qc3a3
9.Qd1c2 Nb8d7
10.Bf4c7 Bf8e7
11.Bf1b5 O-O
12.O-O c4
13.Nd2xc4 dxc4
14.Nf3d2 a6
15.Nd2xc4 Qa3b4
16.Rc1b1 axb5
17.Rb1xb4 Be7xb4
18.Nc4b6 Nd7xb6
19.Bc7xb6 Ra8a6
20.Bb6c5 Ra6c6
21.Rf1c1 b6
22.Qc2b3 bxc5
23.dxc5 Rc6xc5
24.Rc1xc5 Bb4xc5
25.Qb3xb5 Bc5e7
26.a4 Bc8d7
27.Qb5b7 Rf8c8
28.a5 Rc8c1
29.Kh2 Be7d6
30.f4 Bd7c6
31.Qb7c8 Bd6f8
32.a6 Nf6d5
33.a7 Nd5b6
34.Qc8d8 Nb6a8
35.Qd8c8 Rc1c2
36.h4 Rc2xg2
37.Kh3 Bc6d5
38.h5 Rg2e2
39.Kg4 Re2xe3
 { time }
0-1

[Event "Tourn. n10063"]
[Site "www.echecsemail.com"]
[Date "2019.05.29"]
[Round "1"]
[White "Jazzy"]
[Black "Numanoid"]
[WhiteElo "2200"]
[BlackElo "2690"]
[Result "0-1"]
[Round "1"]
1.Ng1f3 Ng8f6
2.b3 b5
3.Bc1b2 Bc8b7
4.e4 Bb7xe4
5.Bf1xb5 e6
6.O-O Bf8e7
7.d4 O-O
8.Bb5e2 c5
9.dxc5 Be7xc5
10.Nb1d2 Be4b7
11.b4 Bc5xb4
12.Ra1b1 Nb8c6
13.a3 Bb4xd2
14.Qd1xd2 Ra8b8
15.Rf1d1 Bb7a8
16.c4 h6
17.c5 Nf6d5
18.Rb1c1 f6
19.Nf3d4 Qd8a5
20.Nd4xc6 Qa5xd2
21.Rd1xd2 Ba8xc6
22.g3 Rf8c8
23.Be2a6 Rc8c7
24.Ba6c4 Kf7
25.Bb2d4 Rc7b7
26.f3 Nd5e7
27.Kf2 h5
28.Bd4c3 h4
29.Rd2d1 hxg3
30.hxg3 Rb8h8
31.Bc3a1 Rh8h2
32.Kg1 Rh2h7
33.Kf2 Rb7b8
34.Rd1g1 Rh7h2
35.Rg1g2 Rh2h5
{ resign }
0-1

[Event "Tourn. n10114"]
[Site "www.echecsemail.com"]
[Date "2019.05.29"]
[Round "1"]
[White "Tartan"]
[Black "Cathar"]
[WhiteElo "2460"]
[BlackElo "2170"]
[Result "1-0"]
[Round "1"]
1.e4 e5
2.Ng1f3 Nb8c6
3.Bf1b5 Ng8f6
4.Nb1c3 Nc6d4
5.Nf3xd4 exd4
6.e5 dxc3
7.exf6 Qd8xf6
8.dxc3 Bf8c5
9.Qd1e2 Qf6e7
10.Qe2xe7 Bc5xe7
11.Bc1e3 O-O
12.O-O-O c6
13.Bb5d3 d5
14.c4 { resign }
1-0

[Event "Tourn. n10124"]
[Site "www.echecsemail.com"]
[Date "2019.05.29"]
[Round "1"]
[White "D4minance"]
[Black "Comrade"]
[WhiteElo "2650"]
[BlackElo "2290"]
[Result "1-0"]
[Round "1"]
1.d4 d5
2.c4 dxc4
3.e4 c5
4.d5 b5
5.a4 Ng8f6
6.Nb1d2 Qd8a5
7.Ra1a3 b4
8.Nd2xc4 Qa5d8
9.Ra3e3 e6
10.Ng1f3 Bc8a6
11.Bf1d3 Nf6g4
12.Re3e2 Bf8e7
13.h3 exd5
14.exd5 Qd8xd5
15.hxg4 Ba6xc4
16.Bd3e4 Qd5d7
17.Qd1xd7 Nb8xd7
18.Be4xa8 Bc4xe2
19.Kxe2 O-O
20.Ba8c6 Nd7b8
21.Bc6b5 a6
22.Bb5c4 Rf8e8
23.Nf3e5 Re8f8
24.Bc1e3 Be7d6
25.f4 Bd6xe5
26.fxe5 Rf8e8
27.Rh1f1 Re8e7
28.e6 f6
29.Be3xc5 { resign }
1-0

[Event "Tourn. n10108"]
[Site "www.echecsemail.com"]
[Date "2019.05.29"]
[Round "1"]
[White "Pdebonis"]
[Black "Conde7"]
[WhiteElo "2710"]
[BlackElo "2790"]
[Result "1/2-1/2"]
[Round "1"]
1.e4 e5
2.Ng1f3 Nb8c6
3.Bf1b5 a6
4.Bb5a4 Ng8f6
5.O-O b5
6.Ba4b3 d6
7.Nf3g5 d5
8.exd5 Nc6d4
9.d3 Nf6xd5
10.Nb1c3 c6
11.Rf1e1 f6
12.Ng5f3 Bc8g4
13.Nf3xe5 Bg4xd1
14.Ne5xc6 Kd7
15.Nc6xd8 Nd5xc3
16.bxc3 Nd4xc2
17.Bb3xc2 Bd1xc2
18.Nd8e6 Ra8e8
19.Ne6xf8 Rh8xf8
20.Bc1e3 Re8c8
21.Ra1c1 Rc8xc3
22.Be3d2 Rc3c6
23.Re1e4 Rf8f7
24.Re4d4 Ke8
25.Bd2b4 Rf7c7
26.h4 h5
27.Rd4d5 Bc2a4
28.Bb4c5 Kf7
29.d4 Kg6
30.Rc1e1 a5
31.Re1e3 b4
32.Re3g3 Kh6
33.Kh2 Rc7c8
{ draw }
1/2-1/2

[Event "Match"]
[Site "www.echecsemail.com"]
[Date "2019.05.29"]
[Round "1"]
[White "Bjonil60"]
[Black "Tjbarrett"]
[WhiteElo "1460"]
[BlackElo "1499"]
[Result "1-0"]
[Round "1"]
1.Nb1c3 e5
2.e4 Ng8f6
3.Qd1e2 Nb8c6
4.Ng1f3 Bf8d6
5.d3 Bd6c5
6.a3 a5
7.b3 Nc6d4
8.Nf3xd4 Bc5xd4
9.Bc1b2 c6
10.Ra1b1 d6
11.Nc3d1 b5
12.c3 Bd4b6
13.b4 a4
14.Qe2d2 Nf6g4
15.h3 Ng4f6
16.f3 O-O
17.g3 Nf6h5
18.g4 Nh5g3
19.Rh1g1 Qd8h4
20.Rg1g2  { time }
1-0

[Event "Match"]
[Site "www.echecsemail.com"]
[Date "2019.05.29"]
[Round "1"]
[White "Pipas"]
[Black "Tjbarrett"]
[WhiteElo "1540"]
[BlackElo "1499"]
[Result "1-0"]
[Round "1"]
1.e4 e5
2.Ng1f3 Nb8c6
3.Bf1b5 a6
4.Bb5xc6 dxc6
5.Nf3xe5 Ng8h6
6.d4 f6
7.Bc1xh6 g6
8.Bh6xf8 Rh8xf8
9.Ne5f3  { time }
1-0

[Event "Tourn. n10128"]
[Site "www.echecsemail.com"]
[Date "2019.05.29"]
[Round "1"]
[White "Szustan"]
[Black "Conde7"]
[WhiteElo "2610"]
[BlackElo "2800"]
[Result "1/2-1/2"]
[Round "1"]
1.e4 e5
2.Ng1f3 Nb8c6
3.Nb1c3 Ng8f6
4.d4 exd4
5.Nc3d5 Nc6b4
6.Bf1c4 Nb4xd5
7.exd5 Bf8b4
8.Bc1d2 Qd8e7
9.Qd1e2 Bb4xd2
10.Kxd2 Qe7xe2
11.Kxe2 c5
12.dxc6 bxc6
13.Nf3xd4 d5
14.Bc4d3 c5
15.Nd4b5 c4
16.Bd3f5 Bc8xf5
17.Nb5d6 Kd7
18.Nd6xf5 Rh8e8
19.Kf3 Re8e5
20.g4 Nf6e4
21.Ra1d1 h5
22.h3 c3
23.bxc3 { draw }
1/2-1/2

[Event "Fast Game"]
[Site "www.echecsemail.com"]
[Date "2019.05.29"]
[Round "1"]
[White "Ranjachess"]
[Black "Hennie4820"]
[WhiteElo "1620"]
[BlackElo "1610"]
[Result "1-0"]
[Round "1"]
1.d4 Ng8f6
2.Nb1c3 g6
3.Bc1f4 Bf8g7
4.Bf4e5 O-O
5.Be5xf6 Bg7xf6
6.e3 d6
7.Qd1f3 Nb8c6
8.O-O-O Bc8d7
9.a3 Bf6g7
10.Bf1c4 e5
11.d5 Nc6e7
12.Ng1e2 f5
13.h4 e4
14.Qf3h3 f4
15.Qh3h2 fxe3
16.fxe3 Rf8f2
17.Nc3xe4 Rf2f8
18.h5 Rf8f5
19.g4 Rf5f3
20.hxg6 hxg6
21.Ne4g5 Rf3xe3
22.Qh2h7 Kf8
23.Rd1f1 Ke8
24.Qh7xg7 { resign }
1-0

[Event "Match"]
[Site "www.echecsemail.com"]
[Date "2019.05.30"]
[Round "1"]
[White "Eeze"]
[Black "Geodad5"]
[WhiteElo "1930"]
[BlackElo "2130"]
[Result "0-1"]
[Round "1"]
1.e4 e5
2.Ng1f3 d6
3.h3 Nb8c6
4.c3 Ng8f6
5.d3 Bf8e7
6.Bc1e3 O-O
7.b4 a6
8.Nb1d2 b5
9.Bf1e2 Bc8b7
10.Qd1b3 h6
11.O-O Qd8d7
12.a3 Ra8d8
13.a4 d5
14.axb5 axb5
15.exd5 Nf6xd5
16.Nd2e4 Nd5xe3
17.fxe3 Kh7
18.Ne4c5 Qd7c8
19.e4 Rd8d6
20.d4 exd4
21.Nf3xd4 Nc6xd4
22.cxd4 Rd6xd4
23.Be2g4 Be7xc5
24.bxc5 Qc8e8
25.Bg4f3 Bb7xe4
26.Rf1e1 c6
27.Qb3e3 Rd4c4
28.Ra1c1 f5
29.Rc1xc4 bxc4
30.Qe3c3 Qe8e6
31.Bf3xe4 fxe4
32.Re1e3 Qe6d5
33.Kh2 Rf8f6
34.Qc3c2 Rf6e6
35.Re3c3 Qd5xc5
36.Rc3xc4 Qc5d5
37.Rc4c5 Qd5d6
38.Kh1 g6
39.Rc5c4 e3
40.Rc4e4 Qd6d5
41.Re4f4 e2
42.Rf4f7 Kg8
43.Qc2xg6 Re6xg6
{ resign }
0-1

[Event "Tourn. n10137"]
[Site "www.echecsemail.com"]
[Date "2019.05.30"]
[Round "1"]
[White "Luban"]
[Black "Fantomas"]
[WhiteElo "2180"]
[BlackElo "2230"]
[Result "1/2-1/2"]
[Round "1"]
1.d4 d5
2.Ng1f3 Ng8f6
3.h3 e6
4.e3 Bf8e7
5.c4 O-O
6.Nb1c3 c6
7.Bf1d3 dxc4
8.Bd3xc4 Be7b4
9.Bc1d2 Nf6d5
10.Qd1c2 h6
11.O-O Bb4e7
12.a3 Nb8d7
13.e4 Nd5f6
14.Rf1e1 Rf8e8
15.Bd2f4 Nd7f8
16.Ra1d1 Nf8g6
17.Bf4h2 Bc8d7
18.d5 cxd5
19.exd5 exd5
20.Bc4xd5 Qd8c8
21.Qc2b3 Nf6xd5
22.Nc3xd5 Be7d8
23.Re1xe8 Bd7xe8
24.Bh2f4 Be8c6
25.Bf4e3 Qc8e6
26.Qb3d3 Ng6e5
27.Nf3xe5 Qe6xe5
28.Be3f4 Qe5e6
29.Nd5c3 Bd8f6
30.Bf4c7 Ra8e8
31.Qd3c2 Bf6h4
32.Bc7a5 b6
33.Ba5b4 Re8d8
34.Rd1xd8 Bh4xd8
35.Qc2e2 Qe6d7
36.Nc3d1 Qd7d5
37.Nd1e3 Qd5e6
38.Qe2g4 Qe6xg4
39.Ne3xg4 f6
40.Bb4c3 Kf7
41.Kf1 Ke6
42.Ng4e3 h5
43.g3 g5
44.Ne3c2 Kd5
45.Nc2b4 Kc5
46.Bc3d4 Kb5
47.Ke2 Bc6b7
48.Ke3 f5
49.Nb4d3 Bb7g2
50.Nd3e5 Bg2xh3
51.Ne5f7 Bd8e7
52.Nf7h8 Kc4
53.Nh8g6 Be7d8
54.Bd4g7 Kd5
55.f4 Bh3g4
56.Bg7h6 gxf4
57.Ng6xf4 Kc4
58.Bh6g7 Bd8e7
59.Bg7e5 Be7c5
60.Kd2 Bc5d4
61.b3 Kc5
62.Nf4e6 Kd5
63.Be5xd4 Kxe6
64.Bd4e3 Kd5
65.Kd3 Bg4f3
{ draw }
1/2-1/2

[Event "Match"]
[Site "www.echecsemail.com"]
[Date "2019.05.30"]
[Round "1"]
[White "Cathar"]
[Black "Yudoka"]
[WhiteElo "2180"]
[BlackElo "2270"]
[Result "0-1"]
[Round "1"]
1.e4 e6
2.d4 d5
3.Nb1d2 Ng8f6
4.e5 Nf6d7
5.Bf1d3 c5
6.c3 Nb8c6
7.Ng1e2 cxd4
8.cxd4 f6
9.exf6 Nd7xf6
10.Nd2f3 Bf8d6
11.O-O O-O
12.Bc1f4 Bd6xf4
13.Ne2xf4 Nf6e4
14.Nf4e2 Qd8f6
15.Bd3b5 Nc6e7
16.Ne2g3 a6
17.Bb5d3 Ne4g5
18.Nf3e5 Ng5f7
19.f4 Qf6h4
20.Ng3e2 Nf7xe5
21.dxe5 Ne7c6
22.Rf1f3 g6
23.Qd1d2 Bc8d7
24.g3 Qh4d8
25.Qd2e3 Ra8c8
26.Rf3f1 Qd8a5
27.a3 Rc8c7
28.Ra1c1 Qa5a4
29.Bd3c2 Qa4b5
30.b4 Rf8c8
31.Bc2b3 d4
32.Ne2xd4 Nc6xd4
33.Rc1xc7 Nd4e2
34.Kf2 Rc8xc7
35.Qe3xe2 Qb5xe2
36.Kxe2 Bd7b5
{ resign }
0-1

[Event "Tourn. n10063"]
[Site "www.echecsemail.com"]
[Date "2019.05.31"]
[Round "1"]
[White "Szustan"]
[Black "Nevaeh"]
[WhiteElo "2540"]
[BlackElo "2720"]
[Result "1/2-1/2"]
[Round "1"]
1.e4 c6
2.d4 d5
3.Nb1c3 dxe4
4.Nc3xe4 Bc8f5
5.Ne4g3 Bf5g6
6.h4 h6
7.Ng1f3 Nb8d7
8.h5 Bg6h7
9.Bf1d3 Bh7xd3
10.Qd1xd3 e6
11.Bc1f4 Qd8a5
12.Bf4d2 Bf8b4
13.c3 Bb4e7
14.c4 Qa5b6
15.O-O Ng8f6
16.Bd2c3 O-O
17.Nf3e5 Ra8d8
18.Qd3e2 c5
19.Ne5xd7 Rd8xd7
20.d5 exd5
21.cxd5 Rd7xd5
22.Qe2f3 Qb6c6
23.Rf1e1 Be7d8
24.Ng3f5 Rf8e8
25.Re1xe8 Nf6xe8
26.Ra1e1 Ne8f6
27.g3 c4
28.Bc3xf6 Rd5e5
29.Nf5xh6 Kh7
30.Re1e3 Qc6xf6
31.Nh6g4 Qf6xf3
32.Re3xf3 Re5e4
33.Ng4e3 f6
34.Kf1 b5
35.Rf3f5 a6
36.Ke2 Bd8b6
37.Kf3 Re4d4
38.Ke2 Rd4d6
39.g4 Bb6d4
40.a4 Rd6b6
41.axb5 axb5
42.Ne3d1 b4
43.Rf5d5 Rb6e6
44.Kf3 Bd4a7
45.Rd5a5 Re6e7
46.Ra5a4 Ba7c5
47.Nd1e3 Bc5xe3
48.fxe3 Re7b7
49.Ke4 Kh6
50.Kd4 Kg5
51.Kxc4 Kxg4
52.Ra4xb4 Rb7xb4
53.Kxb4 Kxh5
54.Kc4 { draw }
1/2-1/2

[Event "1/16 Finale"]
[Site "www.chess-mail.com"]
[Date "2019.05.31"]
[Round "1"]
[White "Reignblowcan"]
[Black "Asoka"]
[WhiteElo "2640"]
[BlackElo "2730"]
[Result "0-1"]
[Round "1"]
1.c4 e5
2.Nb1c3 Ng8f6
3.Ng1f3 Nb8c6
4.g3 d5
5.d4 exd4
6.Nf3xd4 dxc4
7.Nd4xc6 Qd8xd1
8.Nc3xd1 bxc6
9.Bf1g2 Bf8b4
10.Kf1 Nf6d5
11.h4 Bc8e6
12.Bg2f3 O-O-O
13.Kg2 Rh8e8
14.a3 Bb4a5
15.h5 Kb7
16.Rh1h4 Ba5b6
17.h6 g6
18.Bc1d2 Rd8d6
19.Rh4h1 f6
20.Nd1c3 g5
21.Kf1 Bb6d4
22.Nc3e4 Rd6d8
23.Bd2c3 Bd4xc3
24.Ne4xc3 Nd5xc3
25.bxc3 Kb6
26.Ra1b1 Kc5
27.Rb1b7 Kd6
{ resign }
0-1

[Event "Tourn. n10115"]
[Site "www.echecsemail.com"]
[Date "2019.06.01"]
[Round "1"]
[White "Ranjachess"]
[Black "Llord"]
[WhiteElo "1910"]
[BlackElo "2010"]
[Result "1-0"]
[Round "1"]
1.d4 e6
2.a3 Ng8f6
3.Bc1g5 Bf8e7
4.Bg5xf6 Be7xf6
5.e4 d6
6.g3 e5
7.d5 O-O
8.Bf1g2 b6
9.c4 Nb8a6
10.b4 Bc8d7
11.Nb1c3 h6
12.Ng1e2 Bd7g4
13.Qd1a4 Qd8c8
14.O-O Bf6g5
15.f3 Bg4d7
16.Qa4b3 c5
17.b5 Na6c7
18.f4 exf4
19.h4 Bg5f6
20.Ne2xf4 Bf6d4
21.Kh1 g5
22.Nf4e2 Bd7h3
23.Ne2xd4 cxd4
24.Nc3e2 Qc8g4
25.Bg2f3 Qg4d7
26.Rf1f2 Bh3g4
27.Ne2xd4 Nc7e8
28.Qb3c3 Ne8f6
29.Nd4c6 Rf8e8
30.Qc3xf6 Bg4xf3
31.Rf2xf3 Re8xe4
32.hxg5 Ra8f8
33.gxh6 Qd7h3
34.Kg1 Re4e2
35.Qf6g7 
1-0

[Event "Tourn. n10124"]
[Site "www.echecsemail.com"]
[Date "2019.06.01"]
[Round "1"]
[White "Tartan"]
[Black "Comrade"]
[WhiteElo "2460"]
[BlackElo "2290"]
[Result "0-1"]
[Round "1"]
1.e4 c5
2.Ng1f3 Nb8c6
3.d4 cxd4
4.Nf3xd4 Ng8f6
5.Nb1c3 e5
6.Nd4b5 a6
7.Nb5a3 b5
{ resign }
0-1

[Event "Tourn. n10142"]
[Site "www.echecsemail.com"]
[Date "2019.06.01"]
[Round "1"]
[White "Reignblowcan"]
[Black "D4minance"]
[WhiteElo "2640"]
[BlackElo "2790"]
[Result "1/2-1/2"]
[Round "1"]
1.c4 e5
2.Nb1c3 Ng8f6
3.Ng1f3 Nb8c6
4.g3 d5
5.d4 exd4
6.Nf3xd4 dxc4
7.Nd4xc6 Qd8xd1
8.Nc3xd1 bxc6
9.Bc1d2 Bc8e6
10.Bf1g2 Be6d5
11.O-O O-O-O
12.Bd2c3 Nf6e4
13.Bg2xe4 Bd5xe4
14.Nd1e3 Be4d5
15.b3 f6
16.Ne3xc4 Bd5xc4
17.bxc4 Rd8e8
18.Bc3d4 Re8xe2
19.Bd4xa7 Bf8d6
20.Rf1b1 Kd7
21.Ba7e3 Re2c2
22.Rb1c1 Rc2xc1
23.Ra1xc1 c5
24.Kf1 Rh8a8
25.Rc1c2 h5
26.Ke2 g5
27.Be3c1 Ke6
{ draw }
1/2-1/2

[Event "Match"]
[Site "www.echecsemail.com"]
[Date "2019.06.01"]
[Round "1"]
[White "Sonny1000"]
[Black "Llord"]
[WhiteElo "1570"]
[BlackElo "2010"]
[Result "0-1"]
[Round "1"]
1.e4 e5
2.c4 Bf8c5
3.Ng1h3 d6
4.Qd1f3 Ng8f6
5.Nh3g5 Bc8g4
6.Qf3g3 Qd8d7
7.h3 Bg4h5
8.Qg3b3 b6
9.Qb3b5 Qd7xb5
10.cxb5 h6
11.Ng5f3 Nf6xe4
12.a3 Bc5xf2
13.Kd1 Bf2g3
14.Nb1c3 Ne4f2
15.Ke1 Nf2xh1
16.Ke2 Nb8d7
17.Nc3d5 O-O-O
18.Nd5e7 Kb7
19.b4 e4
20.Bc1b2 exf3
21.gxf3 Rd8e8
22.Bb2xg7 Re8xe7
23.Kd3 Nd7e5
24.Kc3 Rh8g8
25.Bg7f6 Re7e6
26.Bf6xe5 Bg3xe5
27.d4 Be5f6
28.Bf1c4 Re6e3
29.Bc4d3 Nh1f2
30.Kd2 Re3xd3
31.Ke2 Bf6xd4
32.Ra1f1 Rg8e8

0-1

[Event "Tourn. n10121"]
[Site "www.echecsemail.com"]
[Date "2019.06.01"]
[Round "1"]
[White "Conde7"]
[Black "Yudoka"]
[WhiteElo "2790"]
[BlackElo "2400"]
[Result "1-0"]
[Round "1"]
1.a3 Ng8f6
2.d4 d5
3.Ng1f3 Bc8f5
4.c4 c6
5.cxd5 cxd5
6.Qd1b3 Qd8b6
7.Qb3xb6 axb6
8.Nb1c3 Nb8c6
9.Bc1f4 e6
10.Ra1c1 Ra8c8
11.Nc3a4 Nf6d7
12.e3 f6
13.Bf4g3 Kf7
14.Bf1e2 Bf8e7
15.O-O g5
16.Be2b5 Rc8a8
17.Rf1e1 Rh8c8
18.h3 Ra8a5
19.Na4c3 h5
20.Bb5e2 Bf5g6
21.Nc3b5 h4
22.Bg3h2 Kg7
23.Rc1c3  { time }
1-0

[Event "Tourn. n10130"]
[Site "www.echecsemail.com"]
[Date "2019.06.02"]
[Round "1"]
[White "Hansen"]
[Black "Pariolinius"]
[WhiteElo "1730"]
[BlackElo "1870"]
[Result "0-1"]
[Round "1"]
1.e4 c5
2.Bf1c4 e6
3.Ng1f3 Nb8c6
4.d3 g6
5.Nb1c3 Bf8g7
6.Nc3b5 d6
7.Nf3g5 Ng8f6
8.h3 a6
9.Nb5a3 b5
10.Bc4b3 O-O
11.h4 h6
12.Ng5f3 Bc8d7
13.d4 c4
14.Bb3xc4 bxc4
15.Na3xc4 Nf6xe4
16.a3 d5
17.Nc4e3 Qd8a5
18.c3 Nc6e7
19.b4 Qa5c7
20.h5 Ne4xc3
21.Qd1c2 Ra8c8
22.Bc1b2 Nc3a4
23.Qc2xc7 Rc8xc7
24.hxg6 Na4xb2
25.gxf7 Rf8xf7
26.g4 Rf7xf3
27.Ne3g2 Rc7c2
28.Ng2h4 Rf3xf2
29.Ra1b1 Rc2e2
{ resign }
0-1

[Event "Tourn. n10126"]
[Site "www.echecsemail.com"]
[Date "2019.06.02"]
[Round "1"]
[White "Cal"]
[Black "Hansen"]
[WhiteElo "1610"]
[BlackElo "1720"]
[Result "1-0"]
[Round "1"]
1.Ng1f3 e6
2.d4 c6
3.e4 h6
4.a3 Ng8f6
5.h3 Nf6xe4
6.Bf1d3 Ne4f6
7.Nb1c3 g5
8.O-O Bf8d6
9.Bc1e3 b5
10.b4 g4
11.Nf3h4 a5
12.Nc3e2 axb4
13.c3 gxh3
14.g3 Nf6g4
15.Be3f4 Bd6xf4
16.Ne2xf4 h2
17.Kh1 f5
18.Qd1e2 bxc3
19.f3 Ng4f6
20.Nh4xf5 Nf6d5
21.Nf5d6 Ke7
22.Qe2e5 Rh8f8
23.Nf4g6 { resign }
1-0

[Event "Tourn. n10097"]
[Site "www.echecsemail.com"]
[Date "2019.06.02"]
[Round "1"]
[White "Fantomas"]
[Black "Ejner"]
[WhiteElo "2280"]
[BlackElo "2470"]
[Result "0-1"]
[Round "1"]
1.e4 e6
2.Ng1f3 d5
3.exd5 exd5
4.d4 Bf8d6
5.Bf1d3 Bc8g4
6.Bc1e3 Ng8e7
7.h3 Bg4h5
8.O-O Nb8c6
9.c3 Qd8d7
10.Nb1d2 f5
11.Nd2b3 f4
12.Be3d2 O-O-O
13.Bd3e2 Kb8
14.Rf1e1 Rd8f8
15.Nb3c1 Bh5g6
16.Kh1 Bg6f5
17.Nf3g1 g5
18.f3 h5
19.Nc1d3 Ne7g6
20.Nd3f2 Nc6e7
21.a4 Bf5e6
22.b4 Ne7f5
23.Be2d3 g4
24.Qd1c1 Nf5g3
25.Kh2 Ng6h4
26.Qc1d1 Rf8g8
27.Qd1c1 gxf3
28.Ng1xf3 Nh4xg2
29.Re1g1 Ng2e3
30.Nf3e5 Bd6xe5
31.dxe5 Be6f5
32.Qc1b1 h4
33.Bd3xf5 Ng3xf5
34.Nf2g4 Qd7e6
35.Qb1d3 Rg8d8
36.Ra1e1 d4
37.Qd3e2 Nf5g3
38.Qe2f3 Qe6a2
39.Rg1g2 Ne3xg2
40.Qf3xg2 f3
{ resign }
0-1

[Event "Tourn. n10045"]
[Site "www.echecsemail.com"]
[Date "2019.06.02"]
[Round "1"]
[White "Gandalf50"]
[Black "Gvladutz"]
[WhiteElo "2240"]
[BlackElo "2500"]
[Result "1-0"]
[Round "1"]
1.e4 c6
2.c4 e5
3.Ng1f3 d6
4.Nb1c3 c5
5.d3 Ng8f6
6.Bf1e2 Nb8c6
7.O-O Bf8e7
8.Nf3e1 O-O
9.f4 Bc8d7
10.Ne1f3 Qd8c7
11.a4 Nc6d4
12.Nf3xd4 cxd4
13.Nc3b5 Qc7c6
14.a5 a6
15.Nb5a3 b6
16.Bc1d2 bxa5
17.Bd2xa5 Ra8b8
18.b4 Be7d8
19.Ba5xd8 Rf8xd8
20.Na3c2 Rd8e8
21.Ra1a5 Bd7c8
22.Qd1d2 Qc6c7
23.fxe5 dxe5
24.Nc2a3 Qc7b7
25.Rf1b1 Rb8a8
26.c5 Bc8e6
27.Qd2c1 Re8b8
28.Na3c4 Nf6d7
29.h3 Qb7c7
30.Be2g4 Be6xc4
31.Qc1xc4 Qc7xa5
32.bxa5 Rb8xb1
33.Kh2 Nd7f6
34.Bg4f5 g6
35.Bf5e6 Ra8a7
36.c6 Ra7c7
37.Be6xf7 Kg7
38.Bf7d5 Rb1b5
39.g4 h6
40.Kg3 Kh7
41.Qc4a2 Rb5c5
42.Qa2a3 Rc5c3
43.Qa3f8 Nf6xd5
44.exd5 Rc3xd3
45.Kf2 Rd3d2
46.Ke1 Rd2c2
47.d6 Rc2xc6
48.dxc7 Rc6xc7
49.Qf8d6 Rc7c3
50.Qd6xa6 Rc3b3
51.Qa6a7 Kg8
52.a6 Rb3b1
53.Kd2 Rb1a1
54.Qa7b8 { resign }
1-0

[Event "Match"]
[Site "www.echecsemail.com"]
[Date "2019.06.02"]
[Round "1"]
[White "Add"]
[Black "Aiko1603"]
[WhiteElo "2030"]
[BlackElo "2140"]
[Result "1-0"]
[Round "1"]
1.e4 c5
2.Nb1c3 g6
3.Ng1f3 Bf8g7
4.d4 cxd4
5.Nf3xd4 Nb8c6
6.Bc1e3 d6
7.Nd4xc6 bxc6
8.Bf1c4 Ng8f6
9.Qd1d2 O-O
10.f3 c5
11.h4 Nf6h5
12.g4 Nh5f6
13.h5 e6
14.hxg6 fxg6
15.O-O-O { resign }
1-0

[Event "Tourn. n10144"]
[Site "www.echecsemail.com"]
[Date "2019.06.02"]
[Round "1"]
[White "Sorim"]
[Black "Bojan"]
[WhiteElo "2210"]
[BlackElo "2160"]
[Result "1-0"]
[Round "1"]
1.d4 d5
2.c4 dxc4
3.Ng1f3 e6
4.e3 b5
5.a4 c6
6.b3 Bc8a6
7.axb5 cxb5
8.bxc4 bxc4
9.Ra1xa6 Bf8b4
10.Bc1d2 Bb4xd2
11.Nb1xd2 Nb8xa6
12.Qd1a4 Qd8d7
13.Qa4xa6 c3
14.Bf1b5 cxd2
15.Kxd2 Ng8f6
16.Nf3e5 Qd7xb5
17.Qa6xb5 Ke7
18.Rh1c1 Rh8d8
19.Ne5c6 Kf8
20.Nc6xd8 { resign }
1-0

[Event "Tourn. n10046"]
[Site "www.echecsemail.com"]
[Date "2019.06.02"]
[Round "1"]
[White "Seger"]
[Black "Giampaolo"]
[WhiteElo "2770"]
[BlackElo "2510"]
[Result "1-0"]
[Round "1"]
1.d4 Ng8f6
2.c4 d5
3.cxd5 Nf6xd5
4.e4 Nd5f6
5.e5 Nf6d5
6.Bf1c4 Nd5b6
7.Bc4d3 g6
8.Ng1f3 Bf8g7
9.Nb1c3 Bc8g4
10.Bc1e3 O-O
11.Bd3e4 c6
12.h3 Bg4xf3
13.Be4xf3 Nb6c4
14.Qd1e2 Nc4xe3
15.fxe3 Nb8a6
16.h4 Na6b4
17.h5 Nb4d5
18.Bf3xd5 cxd5
19.Qe2g4 e6
20.hxg6 hxg6
21.Qg4h3 Rf8e8
22.Qh3h7 Kf8
23.O-O Qd8g5
24.Rf1xf7 Kxf7
25.Ra1f1 Qg5f5
26.Nc3b5 Ra8d8
27.Rf1xf5 exf5
28.Qh7h4 a6
29.Nb5c7 Re8e7
30.Qh4g5 Rd8d7
31.e6 Re7xe6
32.Nc7xe6 Bg7f6
33.Qg5g3 Kxe6
34.Qg3xg6 Rd7e7
35.Kf2 Re7g7
36.Qg6e8 Rg7e7
37.Qe8g8 Kd6
38.Kf3 Re7d7
39.Qg8g6 Ke6
40.Kf4 Rd7g7
41.Qg6xf5 Ke7
42.Qf5xd5 Kf8
43.e4 Rg7f7
44.e5 Bf6e7
45.Ke4 Rf7f2
46.Qd5xb7 Rf2xg2
47.d5 { resign }
1-0

[Event "Tourn. n10046"]
[Site "www.echecsemail.com"]
[Date "2019.06.02"]
[Round "1"]
[White "Giampaolo"]
[Black "Nevaeh"]
[WhiteElo "2510"]
[BlackElo "2669"]
[Result "0-1"]
[Round "1"]
1.e4 c5
2.Ng1f3 e6
3.d4 cxd4
4.Nf3xd4 Ng8f6
5.Nb1c3 Nb8c6
6.a3 Qd8c7
7.Bc1e3 a6
8.Bf1e2 b5
9.Nd4xc6 dxc6
10.f4 Bc8b7
11.Be2f3 Ra8d8
12.Qd1e2 Bf8e7
13.O-O e5
14.f5 c5
15.Ra1d1 O-O
16.Be3f2 h6
17.Rf1e1 Rd8xd1
18.Re1xd1 Rf8d8
19.Rd1xd8 Qc7xd8
20.Qe2d3 Qd8c7
21.Kf1 Bb7c6
22.Qd3e3 Qc7d7
23.Bf2g3 Be7d6
24.Bg3h4 b4
25.Nc3b1 Bd6e7
26.Bh4g3 Qd7b7
27.Nb1d2 bxa3
28.bxa3 Qb7b2
29.c4 Bc6a4
30.Bg3e1 Qb2d4
31.Ke2 Nf6d7
32.Be1f2 Ba4c2
33.h4 Be7d8
34.g4 f6
35.Bf2e1 Bd8a5
36.g5 fxg5
37.hxg5 hxg5
38.Kf2 Nd7f6
39.Nd2f1 Ba5xe1
40.Kxe1 Bc2xe4
41.Qe3xd4 exd4
42.Nf1d2 Be4c2
43.Bf3b7 a5
44.Kf2 Kh7
45.Kf3 Kh6
{ resign }
0-1

[Event "Tourn. n10058"]
[Site "www.echecsemail.com"]
[Date "2019.06.02"]
[Round "1"]
[White "Ejner"]
[Black "Numanoid"]
[WhiteElo "2460"]
[BlackElo "2700"]
[Result "0-1"]
[Round "1"]
1.b3 e5
2.Bc1b2 Nb8c6
3.e3 Ng8f6
4.Ng1f3 Bf8d6
5.d3 O-O
6.Bf1e2 Rf8e8
7.O-O a5
8.a3 Bd6f8
9.c4 d5
10.cxd5 Nf6xd5
11.Qd1c2 Qd8d6
12.Nb1c3 Nd5xc3
13.Bb2xc3 Qd6g6
14.Rf1e1 Bc8h3
15.Be2f1 Bh3g4
16.Nf3d2 h5
17.Qc2b2 h4
18.b4 axb4
19.axb4 h3
20.g3 b5
21.Ra1a3 Ra8xa3
22.Qb2xa3 Re8d8
23.Re1a1 Rd8xd3
24.Bf1xd3 Qg6xd3
25.Qa3c1 Nc6xb4
26.Ra1a8 Nb4c2
27.Bc3xe5 Qd3d5
{ resign }
0-1

[Event "Tourn. n10088"]
[Site "www.echecsemail.com"]
[Date "2019.06.02"]
[Round "1"]
[White "Seger"]
[Black "Dougbeer"]
[WhiteElo "2780"]
[BlackElo "2570"]
[Result "1-0"]
[Round "1"]
1.d4 e6
2.e4 d5
3.e5 c5
4.c3 Nb8c6
5.Ng1f3 Bc8d7
6.a3 f6
7.Bf1b5 fxe5
8.Bb5xc6 bxc6
9.Bc1g5 Bf8e7
10.Bg5xe7 Ng8xe7
11.Nf3xe5 cxd4
12.O-O dxc3
13.Qd1h5 g6
14.Qh5f3 Ne7f5
15.Nb1xc3 O-O
16.Nc3a4 Nf5d6
17.Qf3c3 Nd6f7
18.Ne5g4 e5
19.Ng4xe5 Nf7xe5
20.Qc3xe5 Bd7f5
21.Na4c5 Rf8e8
22.Qe5d4 Qd8g5
23.h4 Qg5e7
24.b4 a5
25.bxa5 Ra8xa5
26.Rf1e1 Qe7xe1
27.Ra1xe1 Re8xe1
28.Kh2 Ra5xa3
29.h5 Ra3a1
30.h6 Re1h1
31.Kg3 Ra1a3
32.f3 Rh1xh6
33.Qd4f4 Rh6h1
34.Qf4b8 Kf7
35.Nc5b7 Rh1a1
36.Nb7d8 Ke8
37.Nd8xc6 Kd7
38.Nc6d4 Ra3a8
39.Qb8b7 Kd6
40.Qb7xh7 Ra1a4
41.Qh7b7 Kc5
42.Nd4b3 Kc4
43.Nb3c1 Ra8a6
44.Qb7c7 Kb4
45.Nc1e2 Ra4a3
46.Qc7e7 Kb5
47.Qe7e5 Kc6
48.Kh4 Ra6a5
49.g4 { resign }
1-0